Countries The Pope Has Visited - Sudden Death - Statistics

General Stats
  • This quiz has been taken 85 times
  • The average score is 4 of 15
Answers on the Grid
Answers color-coded by a green-red scale on the quiz's grid according to % correct below.
Switzerland
Brazil
Mongolia
Mexico
Bahrain
UAE
Bangladesh
France
Egypt
Mozambique
South Korea
Albania
Bolivia
Paraguay
Indonesia
Saudi Arabia
Qatar
Yemen
Afghanistan
Russia
China
Laos
Belarus
Andorra
Guyana
Mauritania
Eritrea
Ethiopia
Turkmenistan
Tajikistan
 
Answer Stats
Answer % Correct
Brazil
71%
France
65%
Mexico
61%
Switzerland
48%
Bolivia
26%
Egypt
24%
Paraguay
24%
South Korea
21%
Albania
15%
Indonesia
13%
Mongolia
6%
UAE
6%
Bangladesh
3%
Bahrain
2%
Mozambique
2%
No matching quizzes found
Score Distribution
Percent of People with Each Score
Percentile by Number Answered
Your Score History
You have not taken this quiz